00476nam a22001337a 4500003000500000038001800005082000800023100001600031245012400047264003300171650003700204700004300241856005800284NUST aNusrat Nadeem a200 aKhan, Aimen aImpact of Global Fast Fashion Brands on the Sustainability Practices of Second Tier Suppliers in Pakistan/cAimen Khan, aIslamabad:NNBS NUST,c2026. aMS- Operations and Supply Chain  aSupervisor: Dr. Muhammad Kamran Khalid u http://10.250.8.41:8080/xmlui/handle/123456789/57888